Music Quiz

Random Music Quiz

U2-Pride Quiz Stats

 Plays Quiz not verified by Sporcle

Challenge
Share
Tweet
Embed
Score 0/8 Timer 02:00
0 Plays Today
One man... % Correct
come in the name of love
98.8%
come and go
84.9%
to overthrow
67.4%
come here to justify
57%
betrayed with a kiss
43%
caught on a barbed wire fence
38.4%
washed on an empty beach
30.2%
he resists
27.9%

You're not logged in!

Compare scores with friends on all Sporcle quizzes.
Join for Free
OR
Log In

You Might Also Like...

Show Comments

Extras

Created May 18, 2011ReportNominate
Tags:man, men, pride

Top Quizzes Today


Score Distribution

Your Account Isn't Verified!

In order to create a playlist on Sporcle, you need to verify the email address you used during registration. Go to your Sporcle Settings to finish the process.

Report this User

Report this user for behavior that violates our Community Guidelines.

Details: